Discours, recit, image

Αποθηκεύτηκε σε:
Λεπτομέρειες βιβλιογραφικής εγγραφής
Κύριος συγγραφέας: Kibidi Varga, A. (Aron) 1930-
Μορφή: Βιβλίο
Γλώσσα:French
Δημοσίευση: Liege : Pierre Mardaga, c 1989
Σειρά:Philosophie et langage
Θέματα:
Ετικέτες: Προσθήκη ετικέτας
Δεν υπάρχουν, Καταχωρήστε ετικέτα πρώτοι!

MARC

LEADER 00000nam a2200000 i 4500
001 1/50982
008 040312s1989 fre d
020 |a 2-87009-379-9 
035 |l 10072675 
040 |a GR-MY-UA  |b gre  |e aacr 
041 0 |a fre 
082 0 |a 801.95 
100 1 |a Kibidi Varga, A. (Aron)  |d 1930- 
245 1 0 |a Discours, recit, image /  |c A. Kibedi Varga 
260 |a Liege :   |b Pierre Mardaga,   |c c 1989 
300 |a 147 p. 
490 1 |a Philosophie et langage 
504 |a Includes bibliographical references and indexes 
650 0 0 |a Discourse analysis, Literary. 
650 0 0 |a Narration (Rhetoric) 
650 0 0 |a Description (Rhetoric) 
830 0 |a Philosophie et langage 
852 |a INST  |b RHODES  |e 20040312  |h 801.95 KIB  |p 005400019426  |q 005400019426  |t BK  |y 0 
901 |a BIBL4-2004-1 
909 |a Ρ  |b 109059 
922 |a 4ΕΛΗ  |b 200402  |c ΕΠΕΑΕΚ2/ΤΕΠΑΕΣ  |d LEADER BOOKS 
950 |a 096-2003-06-24 
970 |z 2004/03/15